LEADER 01006nam a2200241 i 4500 001 000000172261 003 CaOOAMICUS 005 20080606000000.0 008 080606s1963 it u000 u ita u 013 $a149702 040 $aSeMil$bita 100 1 $aMuccioli, Maurizio.$0(OLS)http://semarc/name/64406 245 10$aSanta Caterina da Bologna :$bmistica del Quattrocento /$cMaurizio Muccioli. 260 $aBologna :$bNigrizia,$ccopyr. 1963. 300 $aXI, 255 p., [8] c. di tav. ;$c21 cm. 500 $aContiene : Bibliografia. - Fondo Card. Giovanni Colombo. 600 04$aCaterina : da Bologna .$0(OLS)http://semarc/subject/21948 850 $aSeMil 852 $aSeMil$W1$xVenegono$y1$m3H IV 360$j123123$B123123$CSeMilBibl$Z2$F138194 $81 941 1 $a3 961 $aLascito: Colombo Card. Giovanni 996 $6245$aSanta Caterina da Bologna :$bmistica del Quattrocento$9(OLS)http://semarc/title/246631 996 $6260$aBologna :$bNigrizia$9(OLS)http://semarc/publisher/31936 LEADER 01123nam a2200277 4500 001 000000353655 003 CaOOAMICUS 005 20230508094917.0 008 230508s2022 it 000 u mul r 040 $aSeMil$bita 245 04$aThe Florence Charter :$bFebruary 26, 2022. 246 01$aLa Carta di Firenze : 26 febbraio 2022 264 1$a[Roma] :$bCEI, Conferenza Episcopale Italiana,$c2022. 300 $a31 p. ;$c15x21 cm 500 $aIn custodia 541 0 $aOmaggio mons. Mario Delpini (5D VI 3/11) 546 $aInglese, Italiano 651 4$aMediterraneo - Atti di congressi.$0(OLS)http://semarc/subject/49607 850 $aSeMil 852 $aSeMil$W1$xVenegono$y1$m5D VI 3/11$j240059$B244883$CSeMilBibl$Z2$F244883 $81 941 1 $a7 961 $aOmaggio mons. Mario Delpini 996 $6245$aThe Florence Charter :$bFebruary 26, 2022$9(OLS)http://semarc/title/443760 996 $6246$aLa Carta di Firenze : 26 febbraio 2022$9(OLS)http://semarc/title/443762 996 $6264$a[Roma] :$bCEI, Conferenza Episcopale Italiana$9(OLS)http://semarc/publisher/49248